| 000 | 04761nam a2200445 i 4500 | ||
|---|---|---|---|
| 001 | xb24345775 | ||
| 006 | m d | ||
| 007 | cr n | ||
| 008 | 161114t20162016enka sb 001 0 eng d | ||
| 020 |
_a9781783742905 _q(pdf) |
||
| 020 |
_a9781783742912 _q(epub) |
||
| 020 |
_a9781783742929 _q(mobi) |
||
| 020 | _z9781783742882 (pbk.) | ||
| 020 | _z9781783742899 (hbk.) | ||
| 035 | _a(OCoLC)966364592 | ||
| 040 |
_aStSaUL _beng _erda |
||
| 100 | 1 |
_aGatten, Jeffrey N., _eauthor. |
|
| 245 | 1 | 0 |
_aWoodstock scholarship _h[electronic resource] : _ban interdisciplinary annotated bibliography / _cJeffrey N. Gatten. |
| 264 | 1 | _bOpen Book Publishers, | |
| 300 |
_a1 online resource (194 pages) : _b6 illustrations. |
||
| 500 | _aAvailable through Open Book Publishers. | ||
| 500 | _aIncludes indexes. | ||
| 505 | 0 | _aPreface -- Introduction -- Culture & Society. Books ; Chapters ; Articles ; Proceedings ; Websites ; Videos -- History. Books ; Chapters ; Articles ; Websites ; Transcriptions ; ideos -- Biography. Books ; Chapters -- Music ; Books ; Chapters ; Articles ; Videos ; Recordings -- Film. Books ; Chapters ; Articles ; Websites ; Videos -- Arts & Literature. Books ; Chapters ; Articles ; Websites -- Authors, Editors and Directors Index -- Subject Index. | |
| 506 | _aOpen access resource providing free access. | ||
| 520 | _a"Since August 1969, the Woodstock Music and Art Fair looms large when recounting the history and impact of the baby boom generation and the societal upheavals of the Sixties. Scholars study the sociological, political, musical, and artistic impact of the event and use it as a cultural touchstone when exploring alternative perspectives or seeking clarity. This interdisciplinary annotated bibliography records the details of over 400 English-language resources on the Festival, including books, chapters, articles, websites, transcriptions and videos. Divided into six main subsections-Culture & Society, History, Biography, Music, Film, Arts & Literature-for ease of consultation Woodstock Scholarship sheds light on all facets of a key happening in our collective history. Throughout the 1960s, popular music became increasingly reflective and suggestive of the rising political and social consciousness of the youth culture. Examples can be seen in the development of the protest song genre within the folk music boom of the early Sixties and the marriage of lifestyle to music first reflected by The Beatles with fashion, followed by psychedelic music with the emerging drug culture. Woodstock was where these themes coalesced, thus becoming the defining and last great moment of the 1960s. However, Woodstock also represented an abundant amount of experiences and ideas and moments. Thus, when exploring the complicated accounts and numerous facets of America during the turbulent Sixties one discovers scholarship on the key subjects, such as the Vietnam War or the Civil Rights Movement, often considering and debating the importance, relevance, and epic nature of Woodstock. Multiple narratives emerge: a radical engagement of the hippie movement, an overt commercial exploitation of youth culture, a political statement. Woodstock scholarship does not stand alone as field of study, but it is at the cross-road of a number of disciplines-music history, cultural studies, sociology, arts and literature, media studies, politics and economics. Providing full bibliographical details and concise, informative annotation for each entry, Woodstock Scholarship is an essential tool for students, scholars, teachers, and librarians in all these areas, as well as for anyone seeking a deeper understanding of both the Woodstock Music and Art Fair phenomenon and of the confluence of music, commerce and politics."--Publisher's website. | ||
| 538 | _aMode of access: World Wide Web. | ||
| 540 | _aThis work is licensed under a Creative Commons Attribution 4.0 International license (CC BY 4.0). For more detailed information consult the publisher's website. | ||
| 611 | 2 | 0 |
_aWoodstock Festival _xHistory _vBibliography. |
| 650 | 0 |
_aPopular culture _zUnited States _xHistory _y20th century _vBibliography. |
|
| 650 | 0 |
_aPopular music _xHistory and criticism _vBibliography. |
|
| 650 | 0 |
_aRock music _xHistory and criticism _vBibliography. |
|
| 651 | 0 |
_aUnited States _xSocial conditions _y1960- _vBibliography. |
|
| 710 | 2 |
_aOpen Book Publishers, _epublisher. |
|
| 856 | 4 | 0 |
_uhttp://doi.org/10.11647/OBP.0105 _zConnect to e-book |
| 856 | 4 | 2 |
_uhttp://www.openbookpublishers.com/shopimages/products/cover/543 _zConnect to cover image |
| 999 |
_c29263 _d29263 |
||